[Event "BL 8283 Zähringen-Koblenz"]
[Site "?"]
[Date "1982.??.??"]
[Round "?.5"]
[White "Trauth, M."]
[Black "Vatter, H."]
[Result "0-1"]
[WhiteElo "2235"]
[BlackElo "2240"]
[PlyCount "76"]
[EventDate "1982.??.??"]

1. Nf3 Nf6 2. c4 g6 3. g3 Bg7 4. Bg2 O-O 5. Nc3 d6 6. d3 Nc6 7. Rb1 a5 8. a3
Nh5 9. e4 f5 10. exf5 Bxf5 11. Nh4 Bd7 12. Bg5 Qc8 13. O-O Bg4 14. Qd2 Qd7 15.
Nd5 Rf7 16. Rbe1 Raf8 17. Re4 e5 18. Nxc7 Bf5 19. Nxf5 gxf5 20. Rh4 Qxc7 21.
Rxh5 Nd4 22. Be3 Re7 23. Bxd4 exd4 24. Re1 Re5 25. f4 Re7 26. g4 fxg4 27. Bd5+
Kh8 28. Qf2 Be5 29. Qh4 Rxf4 30. Qg5 Rf8 31. Re4 Rg7 32. Qh4 g3 33. h3 g2 34.
Rg4 Bf6 35. Qg3 Qe7 36. Kxg2 Bh4 37. Rxh7+ Kxh7 38. Be4+ Qxe4+ 0-1

[Event "BL 8283 Porz-Markth'feld"]
[Site "?"]
[Date "1982.??.??"]
[Round "?.1"]
[White "Goehring, K."]
[Black "Hort, V."]
[Result "0-1"]
[WhiteElo "2365"]
[BlackElo "2600"]
[PlyCount "50"]
[EventDate "1982.??.??"]

1. d4 Nf6 2. c4 e6 3. Nc3 Bb4 4. e3 O-O 5. Bd3 d5 6. Nf3 c5 7. O-O dxc4 8. Bxc4
b6 9. dxc5 Bxc5 10. b3 Nbd7 11. Bb2 Bb7 12. Qe2 a6 13. Rfd1 Qe7 14. Na4 Ba3 15.
Bxa3 Qxa3 16. Qb2 Qe7 17. Be2 b5 18. Nc3 Rfc8 19. Nd4 Ne5 20. Rac1 Rc7 21. Bf1
Rac8 22. Nce2 Nfg4 23. h3 Qh4 24. g3 Qf6 25. f4 Rxc1 0-1

[Event "BL 8283 Porz-Markth'feld"]
[Site "?"]
[Date "1982.??.??"]
[Round "?.3"]
[White "Riefner, E."]
[Black "Marian, R."]
[Result "1-0"]
[WhiteElo "2245"]
[BlackElo "2325"]
[PlyCount "63"]
[EventDate "1982.??.??"]

1. e4 c5 2. b3 d6 3. Bb2 Nf6 4. Bb5+ Bd7 5. Bxd7+ Nbxd7 6. Nc3 e5 7. Nh3 g6 8.
O-O Bg7 9. f4 O-O 10. f5 d5 11. Nxd5 Nxe4 12. d3 Nd6 13. fxg6 hxg6 14. Qg4 Nf5
15. Rae1 Nb6 16. Nxb6 axb6 17. a4 Nd4 18. Ng5 f6 19. Nf3 Qc8 20. Qxg6 Nxc2 21.
Re4 Qe8 22. Qf5 Qc8 23. Qh5 Qe8 24. Qh3 Nb4 25. Nh4 Nd5 26. Nf5 Ne7 27. Nd6 Qg6
28. Qe6+ Rf7 29. Nxf7 Qxf7 30. Rxe5 Qxe6 31. Rxe6 Kf7 32. Rxb6 1-0

[Event "BL 8283 Porz-Markth'feld"]
[Site "?"]
[Date "1982.??.??"]
[Round "?.5"]
[White "Meinberger, L."]
[Black "Gerusel, M."]
[Result "1/2-1/2"]
[WhiteElo "2240"]
[BlackElo "2390"]
[PlyCount "85"]
[EventDate "1982.??.??"]

1. Nf3 Nf6 2. g3 d5 3. Bg2 Bg4 4. O-O e6 5. d3 Be7 6. Nbd2 c5 7. Ne5 Bh5 8. Qe1
Nbd7 9. Nxd7 Qxd7 10. e4 O-O 11. h3 dxe4 12. dxe4 Ne8 13. f4 f6 14. g4 Bg6 15.
Qe2 Nd6 16. a4 e5 17. f5 Bf7 18. Rf3 c4 19. Nf1 b5 20. axb5 Qxb5 21. c3 Nb7 22.
b4 a5 23. bxa5 Nc5 24. Rg3 Nd3 25. h4 h6 26. Qf3 Nxc1 27. Rxc1 Rxa5 28. Ne3 Qb2
29. Qd1 Bc5 30. Rc2 Qb6 31. Qe2 Qb1+ 32. Kh2 Bxe3 33. Rxe3 Ra1 34. Rg3 Rd8 35.
Rd2 Qg1+ 36. Kh3 Rxd2 37. Qxd2 Rd1 38. Qe3 Qxe3 39. Rxe3 Rd3 40. Rg3 Kf8 41.
Bf1 Rd1 42. Be2 Rd2 43. Re3 1/2-1/2

[Event "BL 8283 Porz-Markth'feld"]
[Site "?"]
[Date "1982.??.??"]
[Round "?.8"]
[White "Staller, P."]
[Black "Jahr, U."]
[Result "1/2-1/2"]
[WhiteElo "2360"]
[BlackElo "2240"]
[PlyCount "115"]
[EventDate "1982.??.??"]

1. Nf3 f5 2. g3 Nf6 3. Bg2 g6 4. d4 Bg7 5. O-O O-O 6. c4 d6 7. Nc3 c6 8. Re1
Ne4 9. Qd3 Nxc3 10. bxc3 e5 11. e4 d5 12. cxd5 fxe4 13. Qxe4 cxd5 14. Qe3 e4
15. Ne5 Nc6 16. Nxc6 bxc6 17. Ba3 Re8 18. f3 Bf5 19. fxe4 Bxe4 20. Bxe4 Rxe4
21. Qf3 Qe8 22. Rxe4 dxe4 23. Qe2 Qe6 24. Re1 Re8 25. Bc5 a5 26. Qc2 h5 27. Qg2
Kh7 28. h3 Bh6 29. Kh2 e3 30. Re2 Qc4 31. Qf3 Kg8 32. g4 hxg4 33. hxg4 Bg5 34.
Kg1 Qe6 35. c4 Qe4 36. Kg2 Qd3 37. Kg3 Kg7 38. Bd6 Qxd4 39. Qxc6 Be7 40. c5
Bxd6+ 41. Qxd6 Qxd6+ 42. cxd6 Rd8 43. Rxe3 Rxd6 44. Re7+ Kf6 45. Ra7 Rd3+ 46.
Kf4 Rd4+ 47. Kf3 Ra4 48. Rb7 Rxa2 49. Rb5 Ra4 50. Ke3 Ra1 51. g5+ Ke6 52. Kf3
Rf1+ 53. Kg4 Rf5 54. Rb6+ Kf7 55. Ra6 Rd5 56. Ra7+ Ke6 57. Ra6+ Kf7 58. Ra7+
1/2-1/2

[Event "BL 8283 Delmenhorst-Enger"]
[Site "?"]
[Date "1982.??.??"]
[Round "?.1"]
[White "Gruen, G."]
[Black "Juhnke, K."]
[Result "1-0"]
[WhiteElo "2285"]
[BlackElo "2320"]
[PlyCount "105"]
[EventDate "1982.??.??"]

1. d4 Nf6 2. c4 g6 3. Nf3 Bg7 4. Nc3 O-O 5. e4 d6 6. Be2 e5 7. O-O Nc6 8. d5
Ne7 9. Nd2 c5 10. f4 exf4 11. Nf3 a6 12. Bxf4 Nh5 13. Be3 Bxc3 14. bxc3 f6 15.
Qe1 Qe8 16. Nd2 Ng7 17. Bf4 Qd7 18. Qg3 Ne8 19. Rab1 Qc7 20. Rf2 Bd7 21. Rbf1
Kg7 22. h4 h6 23. Bd3 Rg8 24. e5 dxe5 25. Bxe5 Qxe5 26. Qxe5 fxe5 27. Rf7+ Kh8
28. Rxe7 Rg7 29. Rf8+ Kh7 30. Rff7 Rd8 31. Nf3 b5 32. h5 Bf5 33. hxg6+ Bxg6 34.
Bxg6+ Kxg6 35. Nxe5+ Kh7 36. Rxg7+ Nxg7 37. Ra7 bxc4 38. Nxc4 Rxd5 39. Rxa6
Rd1+ 40. Kf2 Rc1 41. Ra3 Rc2+ 42. Kf3 Ne6 43. Ne3 Ng5+ 44. Kf4 Rf2+ 45. Ke5 Rd2
46. Ra7+ Kg6 47. g4 Rd3 48. Ra6+ Kg7 49. Nf5+ Kf8 50. Ra8+ Kf7 51. Ra7+ Kf8 52.
Kf6 Ne4+ 53. Kg6 1-0

[Event "BL 8283 Delmenhorst-Enger"]
[Site "?"]
[Date "1982.??.??"]
[Round "?.2"]
[White "Meyer, CD."]
[Black "Fleck, J."]
[Result "1-0"]
[WhiteElo "2365"]
[BlackElo "2365"]
[PlyCount "59"]
[EventDate "1982.??.??"]

1. e4 Nf6 2. e5 Nd5 3. d4 d6 4. c4 Nb6 5. exd6 exd6 6. Nc3 Be7 7. h3 Nc6 8. Nf3
Bf5 9. Bf4 O-O 10. Be2 Bf6 11. O-O Re8 12. b3 h6 13. Rc1 d5 14. c5 Nc8 15. Bb5
Be4 16. Nxe4 dxe4 17. d5 Nb4 18. Bxe8 exf3 19. Re1 Nxa2 20. Rc4 Bc3 21. Re3 Ne7
22. d6 Nf5 23. Ree4 g5 24. Bxf7+ Kxf7 25. Qd5+ Kg6 26. Re6+ Bf6 27. Be5 cxd6
28. Rxf6+ Qxf6 29. Bxf6 Kxf6 30. g4 1-0

[Event "BL 8283 Delmenhorst-Enger"]
[Site "?"]
[Date "1982.??.??"]
[Round "?.3"]
[White "Kunsztowicz, U."]
[Black "Hermann, Man"]
[Result "1/2-1/2"]
[WhiteElo "2350"]
[BlackElo "2365"]
[PlyCount "93"]
[EventDate "1982.??.??"]

1. d4 d5 2. c4 dxc4 3. Nf3 Nf6 4. e3 Bg4 5. Bxc4 e6 6. h3 Bh5 7. Nc3 a6 8. O-O
Nc6 9. Be2 Bd6 10. b3 Bg6 11. Bb2 Nd5 12. Nd2 O-O 13. Nc4 Bb4 14. Rc1 Qe7 15.
Bf3 Rad8 16. Qe2 Bxc3 17. Bxc3 Nxc3 18. Rxc3 e5 19. d5 Na7 20. Rd1 e4 21. Bh5
Nb5 22. Rc2 Bxh5 23. Qxh5 f5 24. a4 Nd6 25. Rdc1 Ne8 26. Qd1 Rf7 27. Rd2 Qf6
28. Qc2 Rfd7 29. Rcd1 Nd6 30. Rd4 h6 31. R1d2 Kh7 32. Rd1 Kh8 33. R1d2 Kh7 34.
Rd1 Kh8 35. Qe2 Nf7 36. Qc2 Ne5 37. Nxe5 Qxe5 38. Qc4 Kh7 39. b4 Kh8 40. a5 Qd6
41. g3 Re8 42. b5 Ra8 43. Qa4 Rad8 44. Qc4 Ra8 45. Qa4 Rad8 46. Qc4 Ra8 47. Qa4
1/2-1/2

[Event "BL 8283 HSK-Lasker"]
[Site "?"]
[Date "1982.??.??"]
[Round "?.1"]
[White "Wockenfuss, K."]
[Black "Chandler, M."]
[Result "1/2-1/2"]
[WhiteElo "2390"]
[BlackElo "2505"]
[PlyCount "43"]
[EventDate "1982.??.??"]

1. d4 Nf6 2. g3 d5 3. Bg2 c6 4. Nf3 Bf5 5. O-O h6 6. c4 e6 7. Nc3 Be7 8. Nd2
O-O 9. e4 dxe4 10. Ndxe4 Nbd7 11. Nxf6+ Nxf6 12. Be3 Bb4 13. Qb3 Qe7 14. a3
Bxc3 15. Qxc3 Be4 16. f3 Bg6 17. Rfe1 Rfd8 18. Bf2 a5 19. b4 b5 20. bxa5 bxc4
21. Qxc4 Rxa5 22. Qxc6 1/2-1/2

[Event "BL 8283 HSK-Lasker"]
[Site "?"]
[Date "1982.??.??"]
[Round "?.2"]
[White "Reefschlaeger, H."]
[Black "Paulsen, D."]
[Result "1/2-1/2"]
[WhiteElo "2380"]
[BlackElo "2330"]
[PlyCount "102"]
[EventDate "1982.??.??"]

1. d4 Nf6 2. Nf3 c5 3. c3 e6 4. g3 b6 5. Bg2 Bb7 6. O-O Be7 7. Nbd2 O-O 8. e3
d6 9. Re1 d5 10. Ne5 Nc6 11. Nxc6 Bxc6 12. b3 Rc8 13. Bb2 b5 14. Qe2 a5 15. c4
bxc4 16. bxc4 cxd4 17. Bxd4 dxc4 18. Bxc6 Rxc6 19. Nxc4 Qc7 20. Ne5 Rc2 21. Qf3
Bc5 22. Nc6 Bxd4 23. Nxd4 Rc5 24. Reb1 Nd5 25. Kg2 a4 26. Ne2 Qe5 27. Nf4 Nxf4+
28. exf4 Qd5 29. Qxd5 exd5 30. Rb4 Ra8 31. Rab1 g6 32. Rb8+ Rxb8 33. Rxb8+ Kg7
34. Rb4 a3 35. Rb3 Ra5 36. Kf3 Kf6 37. Rb6+ Ke7 38. Ke3 Ra4 39. Kd3 h5 40. h4
Kd7 41. Kc3 Re4 42. Ra6 Re2 43. Rxa3 Rxf2 44. Kd4 Ke6 45. Ke3 Rg2 46. Kf3 Rc2
47. Ke3 f6 48. Kf3 Kf5 49. Rd3 Ke6 50. a4 Ra2 51. Re3+ Kf5 1/2-1/2

[Event "BL 8283 HSK-Lasker"]
[Site "?"]
[Date "1982.??.??"]
[Round "?.3"]
[White "Grzesik, T."]
[Black "Cordes, H."]
[Result "1-0"]
[WhiteElo "2330"]
[BlackElo "2280"]
[PlyCount "95"]
[EventDate "1982.??.??"]

1. e4 c5 2. Nf3 e6 3. b3 Nf6 4. e5 Nd5 5. Bb2 Nc6 6. c4 Nc7 7. Be2 Be7 8. O-O
O-O 9. Na3 d6 10. Nc2 Bd7 11. d4 cxd4 12. exd6 Bxd6 13. Ncxd4 Qe7 14. Bd3 Rfd8
15. Re1 Nxd4 16. Nxd4 g6 17. Qf3 e5 18. Qxb7 Qf6 19. Nf3 Rdb8 20. Qe4 Bf5 21.
Qe3 Re8 22. Be4 Bxe4 23. Qxe4 Qe7 24. a3 a5 25. Bxe5 Bxe5 26. Qxe5 Ne6 27. h3
Rab8 28. Nd4 Qb7 29. Nb5 Qc6 30. Rad1 Nc5 31. Qc3 Ne4 32. Qf3 Rb6 33. Rd4 f5
34. Qd1 Qc5 35. Re2 Rf8 36. Rd5 Qc6 37. Rd7 Nf6 38. Rd6 Qc5 39. Rxb6 Qxb6 40.
Qd6 Qb7 41. Re7 Qa8 42. Qe6+ Kh8 43. Nd6 Qb8 44. Nf7+ Kg7 45. Nd6+ Kh8 46. Rb7
Qa8 47. Qe7 Qd8 48. Qg7# 1-0

[Event "BL 8283 HSK-Lasker"]
[Site "?"]
[Date "1982.??.??"]
[Round "?.5"]
[White "Fette, M."]
[Black "Hess, C."]
[Result "1/2-1/2"]
[WhiteElo "2270"]
[BlackElo "2235"]
[PlyCount "79"]
[EventDate "1982.??.??"]

1. e4 c5 2. Nf3 d6 3. d4 Nf6 4. Nc3 cxd4 5. Qxd4 Nc6 6. Bb5 Bd7 7. Bxc6 Bxc6 8.
Bg5 e6 9. O-O-O Be7 10. Rhe1 O-O 11. Qd2 Qb6 12. Nd4 Rac8 13. f3 Rfd8 14. g4
Qa6 15. Kb1 Be8 16. Nce2 Rc5 17. Be3 Rdc8 18. Nc1 Nd7 19. Ncb3 R5c7 20. Qa5
Qxa5 21. Nxa5 Ne5 22. Bf2 b6 23. Nab3 Bf6 24. Bg3 a5 25. Nc1 g5 26. Nce2 Nc4
27. Bf2 b5 28. c3 b4 29. cxb4 axb4 30. Rd3 Ne5 31. Rb3 Rc4 32. Rc1 Ba4 33. Rxc4
Rxc4 34. Re3 Nxg4 35. fxg4 Bxd4 36. Nxd4 Rxd4 37. b3 Bc6 38. e5 Be4+ 39. Kc1 d5
40. Rg3 1/2-1/2

[Event "BL 8283 Bochum-Solingen"]
[Site "?"]
[Date "1982.??.??"]
[Round "?.4"]
[White "Heinbuch, D."]
[Black "Borngaesser, R."]
[Result "1/2-1/2"]
[WhiteElo "2285"]
[BlackElo "2320"]
[PlyCount "41"]
[EventDate "1982.??.??"]

1. c4 f5 2. d4 Nf6 3. g3 g6 4. Bg2 Bg7 5. Nc3 d6 6. d5 c6 7. Nh3 O-O 8. Nf4 Qe8
9. O-O Na6 10. Rb1 e5 11. dxe6 Bxe6 12. Nxe6 Qxe6 13. b3 Nc5 14. Bb2 a5 15. Qc2
Qe7 16. e3 h5 17. a3 h4 18. b4 axb4 19. axb4 Nce4 20. Nxe4 Nxe4 21. Ra1 1/2-1/2

[Event "BL 8283 Bochum-Solingen"]
[Site "?"]
[Date "1982.??.??"]
[Round "?.6"]
[White "Ackermann, H."]
[Black "Dueball, J."]
[Result "1-0"]
[WhiteElo "2255"]
[BlackElo "2455"]
[PlyCount "69"]
[EventDate "1982.??.??"]

1. e4 c5 2. Nf3 Nc6 3. Bb5 g6 4. Bxc6 bxc6 5. d4 cxd4 6. Qxd4 f6 7. O-O Nh6 8.
c4 Bg7 9. Nc3 O-O 10. Bxh6 Bxh6 11. c5 Rb8 12. Rab1 Qc7 13. Rfd1 Kh8 14. b4 Rd8
15. e5 Bg7 16. Qh4 Rf8 17. Ne4 f5 18. Neg5 h6 19. Nh3 Qd8 20. Nf4 Kh7 21. Ne6
Qe8 22. Nxf8+ Bxf8 23. Qc4 e6 24. Rd3 a5 25. Ra3 Qd8 26. Rbb3 Rb5 27. Nd4 Qh4
28. Qd3 Rxb4 29. Rxb4 axb4 30. g3 Qg5 31. Ra8 Bxc5 32. Rxc8 Qc1+ 33. Kg2 Qe1
34. Rd8 Qxe5 35. Nf3 1-0

[Event "BL 8283 Bochum-Solingen"]
[Site "?"]
[Date "1982.??.??"]
[Round "?.7"]
[White "Bilek, M."]
[Black "Ueter, H."]
[Result "1/2-1/2"]
[WhiteElo "2305"]
[BlackElo "2210"]
[PlyCount "33"]
[EventDate "1982.??.??"]

1. d4 Nf6 2. Nf3 g6 3. c4 c5 4. e3 Bg7 5. Be2 O-O 6. O-O d6 7. b3 Nc6 8. Bb2
Bd7 9. Nc3 a6 10. Rc1 cxd4 11. exd4 Na7 12. Qd2 b5 13. Ng5 bxc4 14. Bxc4 Nb5
15. Nge4 Nxe4 16. Nxe4 Qb6 17. Rfd1 1/2-1/2

[Event "BL 8283 Frankfurt-Kettig"]
[Site "?"]
[Date "1982.??.??"]
[Round "?.1"]
[White "Weidemann, J."]
[Black "Podzielny, K."]
[Result "1-0"]
[WhiteElo "2285"]
[BlackElo "2405"]
[PlyCount "73"]
[EventDate "1982.??.??"]

1. e4 c5 2. c3 b6 3. d4 Bb7 4. Bd3 e6 5. Nf3 Nf6 6. Qe2 Be7 7. O-O Nc6 8. Nbd2
cxd4 9. cxd4 Nb4 10. Bc4 O-O 11. e5 Nfd5 12. Ne4 f5 13. Nd6 Bxd6 14. exd6 Rc8
15. Ne5 f4 16. a3 f3 17. Nxf3 Nc2 18. Qxc2 Rxf3 19. gxf3 Ba6 20. b3 b5 21. Re1
bxc4 22. bxc4 Rxc4 23. Qe4 Bb7 24. Rb1 Bc6 25. Qe5 Qe8 26. Bf4 Rc3 27. Bg3 Rxf3
28. Rbc1 Qa8 29. Rc5 Rxa3 30. Rb1 Ra6 31. Qg5 h6 32. Qg6 Nf6 33. d5 Bxd5 34.
Rxd5 Nxd5 35. Be5 Qf8 36. Rb8 Ra1+ 37. Bxa1 1-0

[Event "BL 8283 Frankfurt-Kettig"]
[Site "?"]
[Date "1982.??.??"]
[Round "?.8"]
[White "Zimmermann, F."]
[Black "Sandmeier, T."]
[Result "1/2-1/2"]
[WhiteElo "2255"]
[BlackElo "2250"]
[PlyCount "44"]
[EventDate "1982.??.??"]

1. e4 d6 2. d4 Nf6 3. Nc3 g6 4. Nf3 Bg7 5. Bc4 O-O 6. Qe2 Nc6 7. e5 Ng4 8. e6
f5 9. h3 Nf6 10. d5 Ne5 11. O-O Nh5 12. a4 a6 13. Bd2 Qe8 14. Rfb1 h6 15. b4 b6
16. Nd4 f4 17. Nf3 g5 18. Ra3 Bb7 19. Bd3 Nxd3 20. Qxd3 Nf6 21. b5 Qh5 22. Nh2
g4 1/2-1/2

[Event "BL 8283 München 36-Bayern"]
[Site "?"]
[Date "1982.??.??"]
[Round "?.1"]
[White "Pfleger, He"]
[Black "Unzicker, W."]
[Result "1/2-1/2"]
[WhiteElo "2505"]
[BlackElo "2465"]
[PlyCount "35"]
[EventDate "1982.??.??"]

1. e4 e5 2. Bc4 Nf6 3. d4 exd4 4. Nf3 Nc6 5. Ng5 Ne5 6. Bb3 h6 7. f4 hxg5 8.
fxe5 Nxe4 9. Qxd4 Nc5 10. Nc3 d6 11. Be3 Nxb3 12. axb3 dxe5 13. Qxe5+ Qe7 14.
Qxg5 Qxg5 15. Bxg5 Bd6 16. h3 Bd7 17. O-O-O f6 18. Be3 1/2-1/2

[Event "BL 8283 München 36-Bayern"]
[Site "?"]
[Date "1982.??.??"]
[Round "?.2"]
[White "Robatsch, K."]
[Black "Kindermann, S."]
[Result "1/2-1/2"]
[WhiteElo "2410"]
[BlackElo "2465"]
[PlyCount "37"]
[EventDate "1982.??.??"]

1. c4 e5 2. Nc3 Nc6 3. g3 g6 4. Bg2 Bg7 5. Rb1 d6 6. b4 a6 7. a4 f5 8. b5 axb5
9. axb5 Nce7 10. e3 Nf6 11. d4 e4 12. f3 d5 13. cxd5 Nexd5 14. Nge2 exf3 15.
Bxf3 Be6 16. O-O O-O 17. Nxd5 Nxd5 18. Nf4 Bf7 19. Nxd5 1/2-1/2

[Event "BL 8283 München 36-Bayern"]
[Site "?"]
[Date "1982.??.??"]
[Round "?.3"]
[White "Bischoff, K."]
[Black "Bastian, H."]
[Result "1/2-1/2"]
[WhiteElo "2405"]
[BlackElo "2360"]
[PlyCount "59"]
[EventDate "1982.??.??"]

1. c4 e5 2. Nc3 Nc6 3. g3 g6 4. Bg2 Bg7 5. Rb1 d6 6. d3 f5 7. e3 Nf6 8. Nge2
O-O 9. b4 a6 10. a4 Kh8 11. O-O g5 12. b5 axb5 13. axb5 Ne7 14. f4 h6 15. Bd2
Ng6 16. Nd5 Nxd5 17. Bxd5 Kh7 18. Bg2 Re8 19. fxg5 hxg5 20. Nc3 g4 21. Ra1 Rxa1
22. Qxa1 b6 23. Qa7 Be6 24. Nd5 Bxd5 25. Bxd5 Rf8 26. Qb7 Qd7 27. Bc6 Qe7 28.
Bh1 Qd7 29. Qg2 Bh6 30. Qc6 1/2-1/2

[Event "BL 8283 München 36-Bayern"]
[Site "?"]
[Date "1982.??.??"]
[Round "?.6"]
[White "Enigl, K."]
[Black "Saacke, B."]
[Result "0-1"]
[WhiteElo "2230"]
[BlackElo "2380"]
[PlyCount "146"]
[EventDate "1982.??.??"]

1. c4 e6 2. Nc3 d5 3. d4 Nf6 4. cxd5 Nxd5 5. Nf3 c5 6. e3 Be7 7. Bd3 O-O 8. O-O
Nc6 9. a3 Bf6 10. Nxd5 Qxd5 11. Qc2 cxd4 12. Bxh7+ Kh8 13. Be4 Qd6 14. Bxc6 d3
15. Qc4 Qxc6 16. Qxd3 Rd8 17. Qb3 b6 18. Bd2 Bb7 19. Bc3 Rd3 20. Qb4 Bxc3 21.
bxc3 Kg8 22. Qh4 Rad8 23. Qh3 Qc5 24. Qh4 Qf5 25. Nd4 Qf6 26. Qxf6 gxf6 27.
Rac1 Rc8 28. Ne2 Ba6 29. Rfe1 Rc4 30. h3 Kg7 31. Rc2 e5 32. Rec1 f5 33. Kf1 Rd5
34. f4 exf4 35. exf4 Rxf4+ 36. Kg1 Bxe2 37. Rxe2 Ra4 38. c4 Rc5 39. Re3 Raxc4
40. Rf1 Rc3 41. Ref3 Kg6 42. Kh2 Rxf3 43. Rxf3 Rc4 44. Kg3 Kg5 45. Rd3 Ra4 46.
Rb3 Kf6 47. Kf3 Ke6 48. Rd3 b5 49. Rb3 a6 50. Rd3 Ke5 51. Rb3 Rc4 52. g3 Rc6
53. h4 Rb6 54. Rc3 Kf6 55. Kf4 Kg6 56. h5+ Kxh5 57. Kxf5 Kh6 58. Rc7 Kg7 59.
Ra7 Rf6+ 60. Kg4 Kg6 61. Ra8 Rc6 62. Kh3 Kf5 63. Ra7 f6 64. Ra8 Ke5 65. Ra7 Kd5
66. Kg4 Kc4 67. Rd7 a5 68. Kf5 b4 69. axb4 axb4 70. Rd1 b3 71. Rc1+ Kb5 72. Rb1
Kb4 73. Ke4 Rd6 0-1

[Event "BL 8283 Bamberg-Erlangen"]
[Site "?"]
[Date "1982.??.??"]
[Round "?.1"]
[White "Feustel, B."]
[Black "Backwinkel, P."]
[Result "1/2-1/2"]
[WhiteElo "2360"]
[BlackElo "2305"]
[PlyCount "40"]
[EventDate "1982.??.??"]

1. Nf3 d5 2. b3 Bf5 3. g3 e6 4. Bb2 Nf6 5. Bg2 Be7 6. O-O h6 7. d3 O-O 8. Nbd2
a5 9. c4 c6 10. a3 Nbd7 11. Ra2 Bh7 12. Qa1 b5 13. Ne5 Nxe5 14. Bxe5 Qd7 15.
Rc1 Rfc8 16. c5 Ne8 17. Bd4 Rd8 18. f4 Bf6 19. Nf3 Bxd4+ 20. Qxd4 f6 1/2-1/2

[Event "BL 8283 Bamberg-Erlangen"]
[Site "?"]
[Date "1982.??.??"]
[Round "?.5"]
[White "Roeder, F."]
[Black "Ruehrig, V."]
[Result "1-0"]
[WhiteElo "2275"]
[BlackElo "2300"]
[PlyCount "59"]
[EventDate "1982.??.??"]

1. e4 Nf6 2. e5 Nd5 3. c4 Nb6 4. c5 Nd5 5. Nc3 e6 6. Bc4 d6 7. Nxd5 exd5 8.
Bxd5 dxe5 9. Qb3 Qf6 10. Bxb7 Bxb7 11. Qxb7 Qc6 12. Qc8+ Ke7 13. Qg4 f6 14. Ne2
Kf7 15. d4 exd4 16. Nxd4 Qd7 17. Qf3 c6 18. Qb3+ Qd5 19. Qb7+ Nd7 20. Qxa8 Bxc5
21. Qxc6 Bb4+ 22. Ke2 Qxd4 23. Rd1 Qg4+ 24. Qf3 Qc4+ 25. Qd3 Qg4+ 26. Kf1 Nc5
27. Qd5+ Ne6 28. h3 Qh4 29. Be3 Re8 30. Rd4 1-0

[Event "BL 8283 Bamberg-Erlangen"]
[Site "?"]
[Date "1982.??.??"]
[Round "?.6"]
[White "Schlaugat, M."]
[Black "Tischer, G."]
[Result "1/2-1/2"]
[WhiteElo "2235"]
[BlackElo "2275"]
[PlyCount "32"]
[EventDate "1982.??.??"]

1. d4 Nf6 2. Nf3 g6 3. Bf4 Bg7 4. e3 d6 5. h3 O-O 6. Nbd2 c5 7. c3 b6 8. Bc4
Bb7 9. O-O Nc6 10. Re1 d5 11. Bd3 e6 12. a3 a5 13. Rc1 c4 14. Bc2 b5 15. b3 Ba6
16. bxc4 dxc4 1/2-1/2

[Event "BL 8283 Zähringen-Bamberg"]
[Site "?"]
[Date "1982.??.??"]
[Round "?.1"]
[White "Hartmann, Wo"]
[Black "Herbrechtsmeier, C."]
[Result "0-1"]
[WhiteElo "2275"]
[BlackElo "2320"]
[PlyCount "48"]
[EventDate "1982.??.??"]

1. e4 e5 2. f4 exf4 3. Bc4 d5 4. exd5 Qh4+ 5. Kf1 Bd6 6. d4 Ne7 7. Nc3 O-O 8.
Ne4 Nd7 9. Bb3 Nf6 10. Nf3 Qh6 11. Nxf6+ Qxf6 12. c4 b6 13. Qc2 c5 14. dxc6
Nxc6 15. Qc3 Bb4 16. Qd3 Bf5 17. Qd1 Rad8 18. d5 Ne5 19. Nxe5 Qxe5 20. h3 Bd3+
21. Kg1 f3 22. Qxd3 Qe1+ 23. Qf1 Bc5+ 24. Be3 Bxe3+ 0-1

[Event "BL 8283 Zähringen-Bamberg"]
[Site "?"]
[Date "1982.??.??"]
[Round "?.2"]
[White "Schuh, H."]
[Black "Backwinkel, P."]
[Result "1/2-1/2"]
[WhiteElo "2305"]
[BlackElo "2305"]
[PlyCount "76"]
[EventDate "1982.??.??"]

1. d4 e6 2. Nf3 Nf6 3. c4 Bb4+ 4. Nbd2 c5 5. a3 Bxd2+ 6. Qxd2 cxd4 7. Qxd4 Nc6
8. Qh4 d5 9. cxd5 Nxd5 10. Qxd8+ Nxd8 11. e4 Nf6 12. e5 Nd5 13. Nd4 Bd7 14. Bd3
Nc6 15. Nf3 Na5 16. Nd4 Rc8 17. O-O O-O 18. f4 Ba4 19. f5 exf5 20. Bxf5 Rc4 21.
Ne6 Ne7 22. Bxh7+ Kxh7 23. Nxf8+ Kg8 24. e6 Nb3 25. Bg5 f6 26. Rad1 Nd4 27. Be3
Bxd1 28. Rxd1 Ndc6 29. Nd7 Re4 30. Kf2 Rxe6 31. Nc5 Re5 32. Nxb7 Rb5 33. Nc5
Rxb2+ 34. Rd2 Rb5 35. Ne4 Rb3 36. Bc5 Nf5 37. h3 Ne5 38. Bxa7 Rxa3 1/2-1/2

[Event "BL 8283 Zähringen-Bamberg"]
[Site "?"]
[Date "1982.??.??"]
[Round "?.3"]
[White "Kestler, H."]
[Black "Raupp, T."]
[Result "1/2-1/2"]
[WhiteElo "2395"]
[BlackElo "2245"]
[PlyCount "56"]
[EventDate "1982.??.??"]

1. c4 e6 2. Nf3 Nf6 3. g3 d5 4. Bg2 dxc4 5. Qa4+ Nbd7 6. Qxc4 a6 7. Qc2 c5 8.
O-O b5 9. b3 Bb7 10. Bb2 Be7 11. Nc3 O-O 12. Rac1 Rc8 13. Qb1 Qb6 14. Rfd1 Rfd8
15. d3 Nb8 16. Qa1 Nc6 17. Nb1 Ne8 18. Nbd2 Bf6 19. Ne4 Bxb2 20. Qxb2 Nb8 21.
Ned2 Nf6 22. a3 Rc7 23. Rc2 Rdc8 24. Rdc1 Nbd7 25. Ne5 Bxg2 26. Kxg2 Qd6 27.
Ndf3 h6 28. Nxd7 Nxd7 {.../51/} 1/2-1/2

[Event "BL 8283 Zähringen-Bamberg"]
[Site "?"]
[Date "1982.??.??"]
[Round "?.4"]
[White "Bassler, M."]
[Black "Bartsch, B."]
[Result "0-1"]
[WhiteElo "2235"]
[BlackElo "2265"]
[PlyCount "90"]
[EventDate "1982.??.??"]

1. Nf3 g6 2. g3 Bg7 3. c4 e5 4. Nc3 Nc6 5. Bg2 f5 6. d3 Nf6 7. O-O O-O 8. Bd2
h6 9. b4 d6 10. b5 Ne7 11. a4 g5 12. a5 Rb8 13. Ne1 f4 14. Nc2 Qe8 15. Nb4 Qh5
16. Nbd5 Nexd5 17. Nxd5 Bh3 18. e3 Ng4 19. Bf3 fxg3 20. fxg3 e4 21. Ne7+ Kh8
22. dxe4 Bxf1 23. Bxg4 Qf7 24. Nf5 Bxc4 25. Bh5 Qd7 26. Rc1 Bxb5 27. Nxg7 Kxg7
28. Bc3+ Kh7 29. Bg4 Qe7 30. Qd5 Bd7 31. Be2 Qf7 32. Qd3 Qf2+ 33. Kh1 Bh3 34.
Rg1 Rf3 35. Qd4 Rg8 36. Bc4 Rf7 37. Qd1 Qxe3 38. Re1 Qf2 39. Rg1 Qe3 40. Re1
Qxc3 41. Bxf7 Rf8 42. Bh5 Qxe1+ 43. Qxe1 Rf1+ 44. Qxf1 Bxf1 45. Kg1 Bb5 {
.../55/} 0-1

[Event "BL 8283 Zähringen-Bamberg"]
[Site "?"]
[Date "1982.??.??"]
[Round "?.6"]
[White "Vogel, R."]
[Black "Ruehrig, V."]
[Result "0-1"]
[WhiteElo "2245"]
[BlackElo "2300"]
[PlyCount "40"]
[EventDate "1982.??.??"]

1. d4 g6 2. c4 Bg7 3. Nc3 d6 4. e4 Nc6 5. Be3 e5 6. d5 Nd4 7. Nge2 Nxe2 8. Bxe2
f5 9. exf5 gxf5 10. Bh5+ Kf8 11. f4 e4 12. Be2 Nf6 13. c5 Bd7 14. Qb3 Ng4 15.
Bxg4 Qh4+ 16. Bf2 Qxg4 17. Qxb7 e3 18. Bg3 Re8 19. Qxc7 Bxc3+ 20. bxc3 Bb5 0-1

[Event "BL 8283 Koblenz-Erlangen"]
[Site "?"]
[Date "1982.??.??"]
[Round "?.1"]
[White "Feustel, B."]
[Black "Doncevic, D."]
[Result "1/2-1/2"]
[WhiteElo "2360"]
[BlackElo "2275"]
[PlyCount "113"]
[EventDate "1982.??.??"]

1. Nf3 g6 2. e4 c5 3. d4 cxd4 4. Qxd4 Nf6 5. Bb5 Nc6 6. Qa4 Bg7 7. Nc3 O-O 8.
O-O Ne8 9. Bg5 Nc7 10. Bxc6 bxc6 11. e5 Ne6 12. Bh4 Re8 13. Rad1 Qb6 14. Ne4 a5
15. Rfe1 Qb4 16. Qb3 Rb8 17. Bg3 Bh6 18. h4 Rd8 19. Qxb4 axb4 20. Nd4 Ra8 21.
Nxe6 fxe6 22. Rd4 Rxa2 23. Rxb4 Ba6 24. f4 Ra5 25. Bf2 Ra8 26. g3 Bc8 27. Kh2
Bf8 28. Nd2 Rb5 29. Rxb5 cxb5 30. Nb3 d6 31. Bd4 Bd7 32. Bc3 Ra4 33. Nc1 Ra1
34. Nd3 Rxe1 35. Nxe1 h6 36. Kg2 g5 37. hxg5 hxg5 38. fxg5 Kf7 39. Kf3 Bc6+ 40.
Kf4 Bd5 41. Nd3 Bc4 42. Nf2 Kg6 43. Ng4 Be2 44. Ne3 Bg7 45. b3 Kf7 46. Bd4 Bh5
47. c4 bxc4 48. Nxc4 Ke8 49. Ke3 Kd7 50. Bb2 Bf8 51. Bd4 Kc6 52. Kd3 Bg6+ 53.
Ke3 Kd5 54. Nb6+ Kc6 55. Nc4 Kd5 56. Nb6+ Kc6 57. Nc4 1/2-1/2